Urban geography : an analytical approach
Αποθηκεύτηκε σε:
| Κύριος συγγραφέας: | |
|---|---|
| Μορφή: | Βιβλίο |
| Γλώσσα: | English |
| Δημοσίευση: |
New Jersey :
Prentice Hall,
c1996
|
| Θέματα: | |
| Ετικέτες: |
Προσθήκη ετικέτας
Δεν υπάρχουν, Καταχωρήστε ετικέτα πρώτοι!
|
MARC
| LEADER | 00000nam a2200000 i 4500 | ||
|---|---|---|---|
| 001 | 1/84857 | ||
| 008 | 990628s1996 eng d | ||
| 020 | |a 0-13-341637-2 | ||
| 035 | |l 10051705 | ||
| 040 | |a GR-MY-UA |b gre |e aacr | ||
| 041 | 0 | |a eng | |
| 082 | 0 | |a 307.76 | |
| 100 | 1 | |a Cadwallader, Martin T. |d 1947- | |
| 245 | 1 | 0 | |a Urban geography : |b an analytical approach / |c Martin Cadwallader |
| 260 | |a New Jersey : |b Prentice Hall, |c c1996 | ||
| 300 | |a 406 p. | ||
| 504 | |a Includes bibliographical references and index | ||
| 650 | 0 | 0 | |a Urban geography |x Methodology. |
| 650 | 0 | 0 | |a Urban geography |x Mathematical models. |
| 852 | |a INST |b LESVOS |e 19990628 |h 307.76 CAD |p 005100020053 |q 005100020053 |t BK |y 0 | ||
| 901 | |a BIBL1-1999-2 | ||
| 909 | |a Λ |b 062475 | ||
| 922 | |a 1ΕΛΗ |b 199812 |c ΚΠΣ/ΤΓ |d LEADER | ||
| 950 | |a 118-1998-10-19 | ||
| 970 | |a ΤΖΑΦΕΡΗ |b ΕΥΑΓΓΕΛΙΑ |z 1999/06/30 | ||